Get set go! B.5 Pupil's Book
Đã lưu trong:
| 主要作者: | |
|---|---|
| 格式: | 圖書 |
| 語言: | English |
| 出版: |
Oxford
Oxford University Press
1997
|
| 主題: | |
| 標簽: |
添加標簽
沒有標簽, 成為第一個標記此記錄!
|
| Thư viện lưu trữ: | Trung tâm Học liệu Lê Vũ Hùng, Trường Đại học Đồng Tháp |
|---|
| LEADER | 00653pam a22002178a 4500 | ||
|---|---|---|---|
| 001 | 00023996 | ||
| 005 | 20171026081025.0 | ||
| 008 | 110707s1997 ||||||engsd | ||
| 020 | # | # | |a 0 19 435115 7 |
| 041 | 0 | # | |a eng |
| 082 | 1 | 4 | |a 428 |b G200T |
| 100 | 1 | # | |a Driscoll, Liz |
| 245 | 1 | 0 | |a Get set go! |c Liz Driscoll |n B.5 |p Pupil's Book |
| 260 | # | # | |a Oxford |b Oxford University Press |c 1997 |
| 300 | # | # | |a 94 p. |b ill. |c 28 cm. |
| 650 | # | 4 | |a Tiếng anh |
| 650 | # | 4 | |a Đàm thoại |
| 852 | # | # | |b Kho đọc |j KD.0008705 |
| 852 | # | # | |j KD.0008705 |
| 910 | 0 | # | |a Ntuyet |d 07/07/2011 |
| 980 | # | # | |a Trung tâm Học liệu Lê Vũ Hùng, Trường Đại học Đồng Tháp |